Loading...
| Social Science | 3 | 4 | 1 | 3 | 80 | 54 | 96.86 | 3 | 5 | 0.00 | 0.00 |
| Fine Arts - Other | 0 | 4 | 1 | 1 | 35 | 120 | 133.50 | 0 | 2 | 0.00 | 0.00 |
| Literature - Drama | 1 | 2 | 0 | 0 | 35 | 68 | 94.67 | 1 | 3 | 0.00 | 0.00 |
| Fine Arts - Classical Music | 0 | 4 | 1 | 1 | 35 | 80 | 104.00 | 0 | 3 | 0.00 | 0.00 |
| Philosophy | 0 | 3 | 1 | 1 | 25 | 105 | 118.33 | 0 | 0 | 0.00 | 0.00 |
| Literature - Short Fiction | 1 | 0 | 0 | 0 | 15 | 46 | 46.00 | 0 | 1 | 0.00 | 0.00 |
| Short Fiction and Other | 0 | 1 | 0 | 0 | 10 | 106 | 106.00 | 0 | 0 | 0.00 | 0.00 |
| Science - Biology | 0 | 1 | 0 | 1 | 10 | 140 | 140.00 | 0 | 0 | 0.00 | 0.00 |
| Literature - Long Fiction | 0 | 1 | 0 | 0 | 10 | 123 | 123.00 | 0 | 1 | 0.00 | 0.00 |
| Literature - Poetry | 0 | 1 | 1 | 0 | 5 | 126 | 126.00 | 0 | 0 | 0.00 | 0.00 |
| Other Academic | 0 | 1 | 1 | 0 | 5 | 85 | 85.00 | 0 | 1 | 0.00 | 0.00 |
| Science - Other | 0 | 0 | 0 | 0 | 0 | 0.00 | 0 | 0 | 0.00 | 0.00 | |
| Religion | 0 | 0 | 1 | 0 | -5 | 0.00 | 0 | 0 | 0.00 | 0.00 | |
| Mythology | 0 | 0 | 1 | 0 | -5 | 0.00 | 0 | 0 | 0.00 | 0.00 |